000 00278nam a22001337a 4500
008 181005b xxu||||| |||| 00| 0 eng d
020 _a0721623667
041 _aeng
080 _a616.085
100 _a9
101 _aHIS
245 _aHistologji
_cLeeson.l
942 _2udc
_cBK
999 _c48902
_d48902